|
|
|
|
| LEADER |
00747cam a2200205 7i4500 |
| 001 |
0000005185 |
| 005 |
20191009090000.0 |
| 020 |
|
|
|a 0768004950 (pbk.)
|
| 020 |
|
|
|a 9780768004953
|
| 090 |
0 |
0 |
|a TJ755
|b .S77 1999
|
| 100 |
1 |
|
|a Stone, Richard
|
| 245 |
1 |
0 |
|a Introduction to internal combustion engines
|c Richard Stone.
|
| 250 |
|
|
|a 3rd ed.
|
| 260 |
|
|
|a Warrendale, Pa.:
|b Society of Automotive Engineers, Inc.,
|c 1999.
|
| 300 |
|
|
|a xviii, 641p.:
|b col. ill.;
|c 25cm.
|
| 504 |
|
|
|a Includes bibliographical references and index
|
| 650 |
0 |
0 |
|a Internal combustion engines
|
| 997 |
|
|
|a Engineering & Life Sciences, Faculty
|b Engineering, Department
|
| 998 |
|
|
|a Mechanical Engineering, Diploma
|
| 999 |
|
|
|a 0000002573
|b BOK
|c OPEN SHELF
|e 2nd Floor, Bestari Jaya
|